| 000 | 01144nam a2200277Ia 4500 | ||
|---|---|---|---|
| 003 | OSt | ||
| 005 | 20220923220359.0 | ||
| 006 | a|||||r|||| 00| 0 | ||
| 007 | ta | ||
| 008 | 220922b |||||||| |||| 00| 0 hin d | ||
| 024 | _a186,245 | ||
| 037 | _cTextual | ||
| 040 |
_aARTS _cARTS _bhin |
||
| 041 |
_2hin _ahin |
||
| 082 | _aYv, 152L1 | ||
| 100 | _aचाईल्ड, गोर्डन | ||
| 245 | 0 | _aमानव प्रगति की कहानी, रूपान्तकार कृपा श्ंाकर माथुर | |
| 246 | _aMānav pragati kī kahānī, rūpāntakār kṛupā shanākar māthura | ||
| 260 |
_aलखनऊ _b उत्तर प्रदेश हिन्दी गं्रथ अकादमी _c1971 |
||
| 300 |
_a211 पृ. _ccm. |
||
| 490 | _aअ0 प्र0 हिन्दी ग्रंथ अकादमी प्रकाशन; 14 | ||
| 650 |
_a मानव-इतिहास _9156353 |
||
| 650 | _aभारतीय-लोक साहित्य | ||
| 942 |
_hYv, 152L1 _cTEXL _2CC |
||
| 999 |
_c339490 _d339490 |
||